Niên giám Bình Thuận 2002 - 2003

Sách cung cấp các thông tin về hệ thốgn tổ chức Đảng, chính quyền của địa phương, tình hình kinh tế xã hội của tỉnh thành phố trong năm 2002 - 2003

Kaydedildi:
Detaylı Bibliyografya
Müşterek Yazar: Tỉnh uỷ hội đồng nhân dân Uỷ ban nhân dân uỷ ban mặt trận tổ quốc Việt nam Tỉnh Bình Thuận
Materyal Türü: Kitap
Dil:Undetermined
Baskı/Yayın Bilgisi: Hà Nội Thống tấn 2003
Konular:
Etiketler: Etiketle
Etiket eklenmemiş, İlk siz ekleyin!
Thư viện lưu trữ: Trung tâm Học liệu Trường Đại học Cần Thơ
LEADER 01048nam a2200217Ia 4500
001 CTU_60044
008 210402s9999 xx 000 0 und d
020 |b 195000 
082 |a 315.9759 
082 |b T312 
110 |a Tỉnh uỷ hội đồng nhân dân Uỷ ban nhân dân uỷ ban mặt trận tổ quốc Việt nam Tỉnh Bình Thuận 
245 0 |a Niên giám Bình Thuận 2002 - 2003 
245 0 |c Tỉnh uỷ hội đồng nhân dân Uỷ ban nhân dân uỷ ban mặt trận tổ quốc Việt nam Tỉnh Bình Thuận 
260 |a Hà Nội 
260 |b Thống tấn 
260 |c 2003 
520 |a Sách cung cấp các thông tin về hệ thốgn tổ chức Đảng, chính quyền của địa phương, tình hình kinh tế xã hội của tỉnh thành phố trong năm 2002 - 2003 
650 |a almanacs, vietnamese 
650 |z binh thuan province 
904 |i Minh 
980 |a Trung tâm Học liệu Trường Đại học Cần Thơ